[Event "Bundesliga 9899"]
[Site "Germany"]
[Date "1998.10.17"]
[Round "1.7"]
[White "Forchert, Martin"]
[Black "Reeh, Oliver"]
[Result "0-1"]
[WhiteElo "2310"]
[BlackElo "2420"]
[Annotator "Knaak,R"]
[PlyCount "78"]
[EventDate "1998.10.17"]
[EventType "team-tourn"]
[EventRounds "15"]
[EventCountry "GER"]
[SourceTitle "GER-chT"]
[Source "ChessBase"]
[SourceDate "1999.07.01"]
[SourceVersion "1"]
[SourceVersionDate "1999.07.01"]
[SourceQuality "1"]
[WhiteTeam "Werder Bremen"]
[BlackTeam "Hamburger SK"]
[WhiteTeamCountry "GER"]
[BlackTeamCountry "GER"]

1. e4 c5 2. Nf3 d6 3. d4 cxd4 4. Nxd4 Nf6 5. Nc3 Nc6 6. Bg5 e6 7. Qd2 Be7 8.
O-O-O O-O 9. Nb3 Qb6 10. f3 Rd8 11. Kb1 a6 12. Be3 Qc7 13. Qf2 Nd7 14. g4 b5
15. h4 Rb8 16. g5 Nb6 17. Bd3 {Multimedia Dateien nicht kopiert} (17. g6 {
Timman-Salov/Linares 1991}) 17... Na4 18. Ne2 Ne5 19. h5 Nc4 20. Bc1 e5 21. f4
f6 {Hier ist Weiß schon viel weiter mit seinem Angriff.} 22. gxf6 {Richtig war
statt dessen} (22. h6 $1 g6 23. f5 {und die schwarze Königsstellung wird
geknackt.}) 22... Bxf6 23. f5 d5 24. h6 (24. Ng3 $5) 24... dxe4 25. Bxe4 Bb7 {
Hier etwa kam ein Remisangebot von Schwarz, was Weiß eigentlich annehmen
sollte, zumal mit seiner knappen Bedenkzeit.} 26. Bxb7 Qxb7 27. hxg7 Rxd1 28.
Rxd1 Qe4 29. Ng3 Qc6 30. Qe1 Rc8 31. c3 {[#]} Na3+ $5 32. bxa3 Nxc3+ 33. Ka1
Nxd1 34. Qxd1 e4+ 35. Kb1 $2 (35. Bb2 $1 Bxb2+ 36. Kxb2 Kxg7 (36... Qc3+ $2 37.
Kb1 Qxg3 38. Qd5+ Kxg7 39. Qd7+ $18)) 35... Be5 36. Ne2 Qc4 37. Bb2 Qd3+ 38.
Qxd3 exd3 39. Ned4 h5 {Weiß überschritt die Zeit, aber die Stellung ist eh
verloren.} 0-1

[Event "Bundesliga 0203"]
[Site "Germany"]
[Date "2003.03.29"]
[Round "14.5"]
[White "Holzke, Frank"]
[Black "Brueggemann, Joachim"]
[Result "1-0"]
[WhiteElo "2479"]
[BlackElo "2412"]
[Annotator "Mueller,Karsten"]
[PlyCount "159"]
[EventDate "2002.10.19"]
[EventType "team-tourn"]
[EventRounds "15"]
[EventCountry "GER"]
[SourceTitle "CBM 095"]
[Source "ChessBase"]
[SourceDate "2003.07.25"]
[SourceVersion "1"]
[SourceVersionDate "2003.07.25"]
[SourceQuality "1"]
[WhiteTeam "Wattenscheid"]
[BlackTeam "Erfurt"]
[WhiteTeamCountry "GER"]
[BlackTeamCountry "GER"]

1. e4 c5 2. Nf3 Nc6 3. d4 cxd4 4. Nxd4 Nf6 5. Nc3 d6 6. Bg5 e6 7. Qd2 h6 8.
Bxf6 gxf6 9. O-O-O a6 10. f4 Bd7 11. Bc4 Qb6 12. Nxc6 Bxc6 13. f5 Qc5 14. Bb3
h5 15. Kb1 Bd7 16. Ne2 O-O-O 17. fxe6 fxe6 18. Nf4 Re8 19. Ng6 Bh6 20. Qxd6
Qxd6 21. Rxd6 Rhg8 22. Rhd1 Bc6 23. Nh4 Rg4 24. Nf3 Rxe4 25. Nd4 Bf4 26. Rxe6
Rd8 27. c3 Rxe6 28. Bxe6+ Kc7 29. Bf7 Kb6 30. Rf1 Be4+ 31. Ka1 Be5 32. g3 Rh8
33. Nf3 Bxf3 34. Rxf3 h4 35. gxh4 Rxh4 36. h3 Re4 37. a3 Kc7 38. Be6 b6 39. Kb1
Re2 40. h4 Kd6 41. Bf5 Rh2 42. Rd3+ Kc5 43. Bh3 Kc4 44. Re3 Kd5 45. Bc8 Rxh4
46. Bxa6 f5 47. Kc2 Rh2+ 48. Kb3 f4 49. Bc4+ Kd6 50. Rd3+ Kc7 51. Rd5 Bd6 52.
Rf5 Rd2 53. a4 Kc6 54. Bb5+ Kc7 55. Rf7+ Kc8 56. Rf6 Kd8 57. Rf7 Kc8 58. Bc6
Rh2 59. Bd5 Rd2 60. Be6+ Kd8 61. Kc4 Be7 62. b3 Rd6 63. Bg4 Rc6+ 64. Kd4 Rf6
65. Rxf6 Bxf6+ 66. Kc4 Kc7 67. Kb4 Kd6 68. c4 Bd8 69. Kb5 Bc7 70. b4 Bd8 71.
Ka6 Ke5 72. Be2 Kd4 73. Kb5 Ke3 74. Bf1 f3 75. a5 bxa5 76. bxa5 Bxa5 77. Kxa5
Kf2 78. Bh3 Kg3 {[%tqu "En","White to move and win","","","h3f5","",4,"De",
"Weiß zieht und gewinnt","","","h3f5","",4,"Fr","Les Blancs jouent et gagnent",
"","","h3f5","",4]} 79. Bf5 $1 {[%mdl 4096]} Kf4 80. Bc8 (80. Bc8 Kg3 (80... f2
81. Bh3 Kg3 82. Bf1 $18) 81. c5 f2 82. Ba6 $18) 1-0

[Event "Douglas IoM op"]
[Site "Douglas"]
[Date "2017.09.25"]
[Round "3"]
[White "Caruana, Fabiano"]
[Black "Vishnu, Prasanna V"]
[Result "1-0"]
[WhiteElo "2799"]
[BlackElo "2543"]
[Annotator "Prasanna,V"]
[PlyCount "110"]
[EventDate "2017.09.23"]
[EventType "swiss"]
[EventRounds "9"]
[EventCountry "IOM"]
[SourceTitle "CBM 182"]
[Source "ChessBase"]
[SourceDate "2018.01.17"]
[SourceVersion "1"]
[SourceVersionDate "2018.01.17"]
[SourceQuality "1"]

{IOM is definitely one of the strongest opens out there and this year had many
elite players and world champions playing there.} 1. e4 c5 2. Nf3 d6 3. d4 cxd4
4. Nxd4 Nf6 5. Nc3 Nc6 {It was a tough decision what to choose against a top
player but I just decided to avoid the lines he is checking everyday like
Najdorf and the Ruy Lopez.} 6. Bg5 e6 7. Qd2 Be7 8. O-O-O O-O 9. Nb3 {There is
an advantage for White probably buried somewhere in Fabiano's notes but he did
not want to recollect it today and wanted a normal game.} a5 $5 {This should
probably be awarded with a dubious mark but I am not going to be harsh on
myself because it did give me some chances later in the game.} (9... Qb6 10. f3
Rd8 {is known to be fine for Black.}) 10. a4 d5 11. Bb5 Nb4 12. e5 Nd7 13. Bxe7
Qxe7 14. f4 Nc5 15. Nxc5 Qxc5 {We had already spent a lot of time arriving at
this position but all of this had already been played but neither of us had
any idea about it.} 16. g4 {White is already better here and I was not too
happy with my position.} b6 ({My original intention when I aimed for this
position was to play} 16... Rd8 {but} 17. Ne4 $1 {is not too appealing for
Black.}) 17. Rhf1 Bb7 18. f5 f6 {My only chance. I was sure I would not
survive if I allowed f6 so I just decided to play this. Fabiano Caruana missed
this idea but I am not sure if it was necessary to see it in advance.} 19. exf6
(19. fxe6 fxe5 20. Qg5 {was critical and I had the feeling that I was losing
here. Fabiano after the game said he did not go here because it was not clear
and he had chances to lose as well.} d4 21. Rxf8+ Rxf8 22. e7 Ra8 23. e8=Q+
Rxe8 24. Bxe8 dxc3 25. Bf7+ $1 {ends the game.}) 19... Rxf6 20. fxe6 Rxe6 {
I was actually pretty happy here mainly because I thought I was going to get
mated in a few moves when he played f5.} 21. Kb1 (21. Ne2 $1 $14 {was
necessary immediately to put his knight on d4 and kick mine off with c3.})
21... Rd8 {Aimed against Ne2.} 22. Rf4 (22. Ne2 d4 23. Nxd4 Red6 24. Qf2 h6 {
was my idea.}) 22... Bc6 23. Bxc6 (23. h4 $5 {still gave White chances.}) 23...
Qxc6 24. h4 Re5 25. g5 Rde8 26. Rd4 Qe6 27. h5 {I was not sure if this was
going to give anything for White.} Qf5 28. Rg1 Re3 29. h6 Rf3 30. Qd1 $1 {
I thought Black must have some tactics working for him here, but White is
definitely okay. Fabiano also was not too concerned about the position in the
post mortem and said after Qd1 he was okay with his position.} Rf2 31. Rd2 Rxd2
32. Qxd2 d4 33. Na2 $1 {I did not even consider this move till he played it,
but it's pretty strong.} Nxa2 34. Kxa2 Qe6+ 35. Kb1 (35. b3 {is good for White
but we were playing under time trouble and he probably did not want to make
any committal moves.}) 35... Qe3 36. Qd1 Re5 37. hxg7 $6 {This helps Black a
lot, White should just have waited and played 38.Ka2 immediately.} Kxg7 38. Ka2
Rxg5 $2 (38... d3 {was the first move that came to my mind but my nerves gave
in and I just went for 38...Rxg5.} 39. cxd3 Rxg5 40. Re1 Qd4 41. Re7+ Kg8 $11 {
The position is similar to the game but White's king is exposed here which
gives Black sufficient counterplay.}) 39. Re1 $18 Qf4 40. Re7+ Kh8 41. Qh1 Qf5
42. Qa8+ Rg8 43. Qc6 Rg7 44. Re1 Qf7+ 45. b3 Rg6 46. Re8+ Kg7 (46... Rg8 {
was my best chance but I don't think Black is going to survive this.}) 47. Qe4
Qf6 48. Qb7+ Kh6 49. Re7 Qc6 50. Rxh7+ Kg5 51. Qe7+ Rf6 52. Qg7+ Kf4 53. Rh4+
Ke5 54. Qg5+ Ke6 55. Qxf6+ Kd5 1-0

[Event "Rohde op 12th"]
[Site "Sautron"]
[Date "2012.10.31"]
[Round "6"]
[White "Oleksienko, Mikhailo"]
[Black "Koziak, Vitali"]
[Result "1-0"]
[WhiteElo "2539"]
[BlackElo "2503"]
[Annotator "Primel,D"]
[PlyCount "87"]
[EventDate "2012.10.27"]
[EventType "swiss"]
[EventRounds "9"]
[EventCountry "FRA"]
[SourceTitle "EXT 2014"]
[Source "ChessBase"]
[SourceDate "2013.11.20"]
[SourceVersion "1"]
[SourceVersionDate "2013.11.20"]
[SourceQuality "1"]
[TimeControl "40/5400+30:1800+30"]
[WhiteClock "1:30:00"]
[BlackClock "1:30:00"]

1. e4 {[%emt 0:00:00]} c5 {[%emt 0:00:00]} 2. Nf3 {[%emt 0:00:00]} Nc6 {
[%emt 0:00:19]} 3. d4 {[%emt 0:00:00]} cxd4 {[%emt 0:00:06]} 4. Nxd4 {[%emt 0:
00:00]} Nf6 {[%emt 0:00:32]} 5. Nc3 {[%emt 0:00:00]} d6 {[%emt 0:01:08]} 6. f3
{[%emt 0:00:19]} Qb6 {[%emt 0:00:51] Une ligne secondaire} (6... e5) (6... e6)
7. Nb3 {[%emt 0:00:28]} (7. Be3 $5 {Maleki,N (2119)-Bernard,C (2336) Syre
Memorial op 30th 2007 (2) 0-1}) 7... e6 {[%emt 0:03:55]} 8. Bg5 {[%emt 0:01:12]
} (8. Qe2 {[%cal Gc1e3]}) 8... Be7 {[%emt 0:07:03]} 9. Qd2 {[%emt 0:01:00]} O-O
{[%emt 0:03:17]} 10. O-O-O {[%emt 0:00:14]} Rd8 {[%emt 0:03:04]} (10... a6 {
L'alternative}) 11. Kb1 {[%emt 0:02:57]} (11. Nb5 Rd7 12. Be3 (12. Qe1)) 11...
a6 {[%emt 0:06:41]} 12. Be3 {[%emt 0:01:50]} Qc7 {[%emt 0:00:07]} 13. Qf2 {
[%emt 0:00:05][%csl Gb6]} Nd7 {[%emt 0:03:33]} 14. g4 {[%emt 0:01:35]} b5 {
[%emt 0:04:37]} 15. g5 {[%emt 0:00:20]} Nce5 {[%emt 0:04:25]} (15... b4 {
Tarasov,V-Ilivitzki,G RUS Ch 23th Cheliabinsk 1963 1/2}) 16. h4 {[%emt 0:09:20]
} b4 {[%emt 0:06:41]} 17. Na4 {[%emt 0:07:51]} Rb8 {[%emt 0:02:05][%csl Ra4]
[%cal Gc7c6]} 18. Nd2 $146 {[%emt 0:16:07]} (18. Nc1 Bb7 $132 {Szabo,Z (2431)
-Romanov,E (2591) Harkany Tenkes Cup 33rd 2009 (2) 0-1}) 18... Bb7 {[%emt 0:06:
36]} 19. b3 {[%emt 0:00:23]} d5 $1 {[%emt 0:03:00]} 20. exd5 {[%emt 0:04:51]}
Bxd5 {[%emt 0:00:32]} 21. Rg1 {[%emt 0:01:02]} (21. Ne4) 21... Bc6 {[%emt 0:06:
05]} 22. f4 {[%emt 0:13:50]} (22. Nb2 {[%csl Rb2]}) 22... Bxa4 {[%emt 0:02:32]}
(22... Ng6 23. h5 Ngf8 24. Nb2 a5 25. g6 $5 hxg6 26. hxg6 Nxg6 27. Bd3 Ngf8 28.
Nbc4 $44) 23. fxe5 {[%emt 0:00:20]} Bb5 {[%emt 0:05:32]} 24. h5 {[%emt 0:06:54]
} (24. Bxb5 axb5 $132 {[%csl Ra2]}) 24... Nxe5 {[%emt 0:04:09]} 25. g6 $6 {
[%emt 0:04:20]} (25. Bxb5) 25... hxg6 {[%emt 0:02:16]} 26. hxg6 {[%emt 0:00:39]
} Nxg6 {[%emt 0:02:19]} 27. Bh3 {[%emt 0:02:55][%cal Gh3e6]} Bh4 {[%emt 0:04:
03]} (27... Rbc8 {[%csl Rc2]} 28. Rc1 Qc3 $40 {[%cal Ge7f6]}) 28. Qf3 {[%emt 0:
02:47]} Rbc8 {[%emt 0:07:42]} 29. Rc1 {[%emt 0:00:18]} Bf6 {[%emt 0:03:58]} (
29... a5 30. Ne4) (29... Bc6 {[%csl Ge4]} 30. Qe2 Bd5) 30. Rxg6 {[%emt 0:08:13]
} fxg6 $2 {[%emt 0:00:19] Joué а tempo alors que les Noirs n'étaient pas en
gros zeitnot} (30... Bd3 $8 31. Rxf6 (31. Nc4 Bxg6 $19) 31... Bxc2+ 32. Kb2
Qc3#) 31. Bxe6+ {[%emt 0:00:10]} Kf8 {[%emt 0:00:14]} 32. Ne4 $8 {[%emt 0:01:
27]} (32. Bxc8 $4 Qe5) 32... Qe5 {[%emt 0:02:23]} 33. Nxf6 {[%emt 0:00:12]}
Qxe6 {[%emt 0:00:51]} 34. Nh7+ {[%emt 0:02:42]} Ke8 $4 {[%emt 0:03:56]} (34...
Kg8 35. Ng5) 35. Qf8+ {[%emt 0:02:29]} Kd7 {[%emt 0:00:01]} 36. Rd1+ {[%emt 0:
00:08]} Kc7 {[%emt 0:00:36]} 37. Qc5+ {[%emt 0:00:11]} Qc6 {[%emt 0:00:52]} 38.
Qa7+ {[%emt 0:00:09]} Qb7 {[%emt 0:00:06]} 39. Rxd8 {[%emt 0:00:42]} Rxd8 {
[%emt 0:00:59]} 40. Bb6+ $18 {[%emt 0:00:00]} Kc6 {[%emt 0:00:00]} 41. Qxb7+ {
[%emt 0:00:11]} Kxb7 {[%emt 0:00:14]} 42. Bxd8 {[%emt 0:00:05]} Kc6 {[%emt 0:
00:10]} 43. Be7 {[%emt 0:00:26]} a5 {[%emt 0:00:09]} 44. Bd8 {[%emt 0:00:03]}
1-0

[Event "Rohde op 06th"]
[Site "Sautron"]
[Date "2006.10.31"]
[Round "5"]
[White "Draoui, Najib"]
[Black "Berthelot, Yannick"]
[Result "0-1"]
[WhiteElo "2416"]
[BlackElo "2309"]
[Annotator "RR"]
[PlyCount "98"]
[EventDate "2006.10.28"]
[EventType "swiss"]
[EventRounds "9"]
[EventCountry "FRA"]
[SourceTitle "EXT 2007"]
[Source "ChessBase"]
[SourceDate "2006.11.23"]
[SourceVersion "1"]
[SourceVersionDate "2006.11.23"]
[SourceQuality "1"]

1. e4 c5 2. Nf3 Nc6 3. Nc3 d6 4. d4 cxd4 5. Nxd4 Nf6 6. Bg5 e6 7. Qd2 a6 8. f3
{Un coup assez rare а ce moment de l'ouverture} (8. O-O-O {la grande ligne} Bd7
(8... h6 9. Be3 Bd7 10. f3 b5 11. Nxc6 Bxc6 12. Ne2 Qc7 13. Nd4 Bb7 14. g4 $1 {
Mrdja,M (2405)-Primel,D (2030) Vincennes op 1994 1-0})) 8... Nxd4 {Une
nouveauté mais les deux joueurs vont retomber au 10ème coup dans des lignes
connues.} 9. Qxd4 Be7 10. O-O-O O-O (10... b5 $5) 11. g4 ({RR} 11. h4 {plus
courant mais DRAOUI avait choisi de refuser le débat théorique avec son
adversaire qui est un entraineur réputé.} b5 ({RR} 11... Qa5 12. Kb1 b5 13. Bd3
Bb7 14. g4 Rac8 15. Ne2 Qc7 16. Qf2 b4) 12. Kb1 ({RR} 12. e5 dxe5 13. Qxe5 Qa5
14. Bd3 Bb7 15. Kb1 Rac8 16. Ne4 Bxe4 17. Bxe4 Nxe4 18. Qxe4 Qc7 19. Bxe7 Qxe7
20. Rd4 Rfd8 21. Rhd1 h6 22. Qd3 Rxd4 23. Qxd4) ({RR} 12. a3 Bb7 13. h5 h6 14.
Bh4 Rc8 15. g4 Rc5 16. Rg1 e5 17. Qd3 Ne8 18. Bf2 Rc7 19. Kb1 Bg5 20. a4 b4 21.
Nd5 Bxd5 22. Qxd5 Nf6 23. Qa5 Rc6 24. Qxb4 Qc7) ({RR} 12. g4 Bb7 ({RR} 12...
Qa5 13. Kb1 b4 14. Ne2 e5 15. Qf2 Be6 16. Nc1 Qc7 17. Be3 a5 18. h5 a4 19. g5
Nd7 20. Bh3 a3 21. b3 Qc3 22. Nd3 Nc5 23. Qd2 Qxd2 24. Rxd2 Nxd3 25. Rxd3 Rad8
26. Bb6 Rd7 27. Bxe6 {Vachier Lagrave,M (2525)-Hou,Y (2158)/Shenzheng 2005/CBM
107 ext/1-0 (62)}) 13. Be3 ({RR} 13. Qf2 b4 14. Na4 Bc6 15. Nb6 Rb8 16. Nc4 d5
17. Bf4 Rb7 18. Ne5 Bb5 19. g5 Nh5 20. Bh2 Qa5 21. Kb1 f6 22. gxf6 Nxf6 23. Bh3
) 13... e5 14. Qd2 b4 15. Nd5 Nxd5 16. exd5 a5 17. g5 Qc7 18. h5 b3 19. axb3 a4
20. Bc4 axb3 21. cxb3 Ra5 22. Qc3 Rc8) 12... Qc7 ({RR} 12... Bb7 13. Bd3 Qc7
14. Qe3 Rfe8 15. Rde1 b4 16. Ne2 a5 17. Nc1 a4 18. Qd2 Ba6 19. Qxb4 Reb8 20.
Qd2 d5 21. Qe2 Rxb2+ 22. Kxb2 Ba3+) 13. h5 ({RR} 13. Bxf6 gxf6 ({RR} 13... Bxf6
14. Qxd6 Qa5 15. e5 Bd8) 14. g4 Qc5 15. Qd2) ({RR} 13. g4) 13... h6 14. Bh4 ({
RR} 14. Be3 Bb7 15. g4 Nh7) ({RR} 14. Bxf6 gxf6 15. Qd2 Kg7 16. Rh3 Rh8) 14...
Bb7 15. Ne2 ({RR} 15. g4 e5 ({RR} 15... Rad8 16. g5 hxg5 17. Bxg5 Nxe4 18. Nxe4
Bxe4 19. Qxe4 Bxg5 20. Bd3 Rfe8 21. Qh7+ Kf8 22. Qh8+ Ke7 23. Qxg7) 16. Qd3
Rac8 17. g5 hxg5 18. Bxg5 Nxe4 19. Nxe4 ({RR} 19. fxe4 Bxg5 20. Qxd6 Qxd6 21.
Rxd6 Rfd8) 19... Bxe4 20. fxe4 Bxg5 21. Bh3 Rcd8) ({RR} 15. Bd3) 15... Rac8 16.
Qd2 ({RR} 16. Rc1 d5) 16... Rfd8 17. Re1 ({RR} 17. Bg3 Ne8 ({RR} 17... e5 18.
Nc3 b4 19. Nd5 Nxd5 20. exd5 Bxd5 21. Bxa6 Bxa2+)) ({RR} 17. Nd4 d5 18. e5 ({RR
} 18. exd5 Rxd5) 18... Qxe5 19. g4) ({RR} 17. g4 Nxe4 18. fxe4 Bxe4) 17... e5 (
{RR} 17... d5 18. e5 Qxe5 19. Bg3 Qf5 20. Nd4 Qh7 21. Bd3 Qh8 22. Bh4) 18. Bxf6
({RR} 18. Nc3 d5 ({RR} 18... b4) 19. Nxd5 ({RR} 19. Bxf6 dxe4 20. Qf2 Bxf6)
19... Nxd5 20. exd5 Bxd5) ({RR} 18. Ng3 d5 19. Bd3) 18... Bxf6 19. Nc3 Bg5 20.
Qd1 ({RR} 20. Qd3 d5 ({RR} 20... Qa5 21. Rd1 Rc5) 21. Nxd5 Bxd5 22. exd5 Rxd5
23. Qb3 ({RR} 23. Qf5 e4 24. Qxe4 Re5 25. Qxe5 Qxc2+ 26. Ka1 Qc1+ 27. Rxc1
Rxc1#) ({RR} 23. Qe4 Rd4 24. Qf5 e4) 23... Rd2) 20... Qa5 ({RR} 20... d5 21.
Nxd5 Bxd5 22. exd5 Rxd5 23. Bd3) ({RR} 20... b4 21. Nd5 Bxd5 22. exd5 a5 23.
Bb5) 21. Nd5 ({RR} 21. g4 Rxc3 22. bxc3 Qxc3 23. Rh2 d5) 21... Bxd5 22. exd5
Rxc2 23. Kxc2 ({RR} 23. f4 Rd2) 23... Qxa2 24. f4 ({RR} 24. Re4 Rc8+ 25. Bc4 ({
RR} 25. Kd3 Qxb2 26. Rg4 e4+ 27. Kxe4 Qe5+ 28. Kd3 Qe3# ({RR} 28... Rc3#))
25... bxc4 26. Rhe1 Rb8) ({RR} 24. Kd3 Qc4#) ({RR} 24. Qd3 Rc8+ 25. Kd1 ({RR} 
25. Qc3 Rxc3+ 26. Kxc3 b4+ 27. Kc2 b3+ 28. Kc3 Qa5+) 25... Rc1+ 26. Ke2 Qxb2+)
24... Rc8+ ({RR} 24... Bxf4 25. Rh3) 25. Kd2 ({RR} 25. Kd3 Qc4+ 26. Kd2 Qxf4+
27. Kd3 Qc4# {[%csl Rd3]}) 25... Bxf4+ {Ivanchuk,V (2740)-Anand,V (2770)/
Linares 1998/CBM 064/[Ftacnik]/0-1}) ({RR} 11. e5 dxe5 12. Qxe5 Qe8 13. Be2 Bd7
14. Qg3) ({RR} 11. Kb1 Qa5 12. Qd2 Rd8 13. Nd5 Qxd2 14. Nxe7+ Kf8 15. Bxd2 Kxe7
16. Ba5 Rd7 17. c4) 11... b5 12. Be3 Qa5 $146 {[%cal Gb5b4,Ga5a2]} ({RR} 12...
Bb7 {RR} 13. Rg1 Nd7 14. g5 Qa5 15. Kb1 b4 16. Ne2 d5 17. e5 Bc5 18. Qf4 Rac8
19. Bxc5 Rxc5 20. Nd4 Qa4 21. Nb3 Rxc2 22. Kxc2 Qxa2 23. Ra1 Rc8+ 24. Bc4 Rxc4+
25. Qxc4 dxc4 26. Na5 Qxa1 27. Rxa1 Bd5 {Stolz,M (2320)-Reeh,O (2420)/Germany
1999/GER-chT/1-0 (54)}) 13. Kb1 {[%csl Ra2]} b4 14. Ne2 Bb7 15. g5 Nd7 (15...
Nh5 16. Ng3 $1 Nxg3 17. hxg3 $40 {[%csl Gh1,Rh7][%cal Ge4e5,Gd4h4]}) 16. Qd2
Ne5 17. Nd4 Rac8 18. Qg2 $6 {[%cal Ge3c1] Trop lent et le début des soucis
pour les blancs} d5 19. Bc1 {Le marocain a perdu du temps pour régorganiser
ses pièces et les noirs vont prendre l'initiative.} dxe4 20. fxe4 Rfd8 $32 21.
Be2 Qc5 $40 {[%csl Rc2]} 22. Be3 a5 {Garde l'attaque mais le sacrifice de
qualité devait gagner rapidement.} (22... Rxd4 $1 23. Rxd4 Qxc2+ 24. Ka1 b3 $1
25. axb3 Qxb3 {[%cal Gc8c5,Gc5a5,Gb3e3]}) 23. Rhe1 a4 $40 24. Bf1 Qa5 (24...
Nc4 25. Bxc4 Qxc4) 25. Bf4 Ng6 (25... b3 $1 26. Bd2 Qb6 {[%cal Gb6d4,Gb3c2,
Gb3a2]}) 26. Bc1 Qc5 (26... b3 27. c3 bxa2+ 28. Ka1 (28. Kxa2 Bc5) 28... a3 $19
) 27. Be3 Qe5 28. Qf2 Bxe4 29. Bd3 Bxd3 30. Rxd3 Bxg5 31. Bxg5 Qxg5 32. Red1
Rd5 33. Qe1 Qe7 34. h4 Qc5 {[%csl Rc2][%cal Gd5d4]} 35. R3d2 Nf8 (35... e5 36.
Nf5 a3 $1 37. h5 (37. Rxd5 Qxc2+ 38. Ka1 Qxb2#) 37... Nf4 38. Ne7+ Qxe7 39.
Rxd5 Nxd5 40. Rxd5 Qc7) 36. Qe4 Rcd8 37. Rd3 g6 (37... f5 $1) 38. c3 bxc3 39.
Rxc3 Qd6 40. Rcd3 Qe5 41. Qxe5 Rxe5 42. Nc6 Rxd3 43. Rxd3 Re4 44. b4 axb3 45.
axb3 Rxh4 46. b4 Rc4 47. Rd6 e5 48. Kb2 Ne6 49. Kb3 Rxc6 0-1

[Event "Cacak"]
[Site "Cacak"]
[Date "1996.??.??"]
[Round "2"]
[White "Almasi, Zoltan"]
[Black "Damljanovic, Branko"]
[Result "1-0"]
[WhiteElo "2655"]
[BlackElo "2470"]
[Annotator "Rechlis,G"]
[PlyCount "88"]
[EventDate "1996.11.??"]
[EventType "tourn"]
[EventRounds "9"]
[EventCountry "YUG"]
[EventCategory "13"]
[SourceTitle "CBM 057"]
[Source "ChessBase"]
[SourceDate "1997.04.01"]
[SourceVersion "1"]
[SourceVersionDate "1997.04.01"]
[SourceQuality "1"]

1. e4 c5 2. Nf3 Nc6 3. d4 cxd4 4. Nxd4 Nf6 5. Nc3 d6 6. Bg5 e6 7. Qd2 h6 $6 8.
Bxf6 gxf6 9. O-O-O a6 10. f4 Bd7 11. Kb1 Qb6 12. Nb3 (12. Nf3 O-O-O 13. g3 Kb8
14. Bg2 Na5 15. Qd4 Qxd4 16. Rxd4 h5 17. Rhd1 Nc6 18. R4d2 $13 {0-1
Dobrovolsky,L-Lanc,A/Trnava 1984 (52)}) (12. Nde2 O-O-O 13. Ng3 h5 14. Be2 h4
15. Nh5 Be7 16. g4 Kb8 17. Rhf1 Rc8 18. f5 Rhf8 19. Rf4 Qa5 20. Qe3 b5 {
1/2-1/2 Kindermann,S-Lanc,A/Stary Smokovec 1986}) (12. Nxc6 Bxc6 13. f5 Qc5 14.
Ne2 Bxe4 15. fxe6 fxe6 16. Nf4 e5 17. Bd3 Bxd3 18. Nxd3 Qd4 19. Rhf1 Be7 20.
Nb4 Qxd2 21. Rxd2 O-O 22. Nd5 Rae8 23. Nxe7+ Rxe7 24. Rxd6 Kg7 25. c4 f5 26. g3
Rf6 27. Rd3 Kg6 28. Kc2 Kg5 29. Kd2 h5 30. b4 f4 31. c5 h4 32. gxf4+ Rxf4 33.
Rg1+ Kf5 34. Kc3 Rf2 35. Rh3 Rh7 36. a4 e4 37. Rg8 Rf3+ 38. Rxf3+ exf3 39. Kd3
Re7 40. b5 axb5 41. axb5 Kf4 42. c6 bxc6 43. bxc6 Rf7 44. Kd2 Ke4 45. Rg4+ Kd5
46. Ke1 {1/2-1/2 Romero Holmes,A-Piket,J/Wijk 1992}) 12... O-O-O 13. Be2 Kb8 $6
(13... h5) 14. Bh5 Rh7 $16 15. Rhf1 Bc8 16. Qe2 Qc7 17. Nd4 Nxd4 18. Rxd4 Bg7
19. Rc4 Qe7 20. f5 $1 {Not allowing any kind of counterplay conected with f5
ef5 , d5 with compensation for the secrificed pawn .} Rhh8 21. Qd3 Rhg8 22. a3
Bf8 23. Bf3 d5 $5 {Black is doomed to passivity and eventual death , therefore
extreme mesures are called for . With d5 black tries to bring his black bishop
to life but at a very high price - irreparably destroyed pawn structure .} 24.
exd5 exf5 25. Ne2 Qd6 26. Nd4 Qb6 27. Rc3 $1 Ka7 28. Rd1 Bd6 29. Qe3 f4 (29...
Bxh2 $2 30. Rb3 $18 Qc5 31. Nc6+) 30. Qd3 Rge8 31. Rb3 Qc5 32. Qh7 $18 Re7 33.
Qxh6 Be5 34. Rc3 Qb6 35. Rcd3 Rc7 36. Qh7 Rc4 37. Nb3 $5 (37. c3) 37... a5 38.
Qxf7 Bf5 (38... a4 39. d6 Rc5 (39... axb3 40. Qxc4 Be6 41. Qa4+ $18) 40. d7
axb3 41. Rxb3 $18) 39. d6 Bxd3 40. Rxd3 Rdc8 41. Bxb7 $1 Qg1+ (41... Qxb7 42.
Qxb7+ Kxb7 43. Nxa5+ Kb6 44. Nxc4+ Rxc4 45. d7 Bc7 46. d8=Q Bxd8 47. Rxd8 $18)
42. Ka2 R8c7 43. dxc7 Rxc2 44. Rd2 Rxc7 1-0